[Event "Gelsenkirchen Silvester op 2nd"]
[Site "Gelsenkirchen"]
[Date "2014.12.27"]
[Round "2"]
[White "Wolffgang, Georg"]
[Black "Zaitsev, Mikhail"]
[Result "0-1"]
[WhiteElo "1938"]
[BlackElo "2487"]
[PlyCount "70"]
[EventDate "2014.12.27"]
[EventType "swiss"]
[EventRounds "5"]
[EventCountry "GER"]
[SourceTitle "EXT 2019"]
[Source "ChessBase"]
[SourceDate "2018.10.10"]
[SourceVersion "1"]
[SourceVersionDate "2018.10.10"]
[SourceQuality "1"]

1. f4 b5 2. e4 Bb7 3. Nf3 b4 4. d3 e6 5. c3 a5 6. Be2 Bc5 7. d4 Bb6 8. Nbd2 Ne7 9. 0-0 0-0 10. Qe1 f5 11. Bd3 c5 12. Nc4 cxd4 13. cxb4 Nbc6 14. bxa5 Nxa5 15. Nxb6 Qxb6 16. Bd2 fxe4 17. Bxe4 Bxe4 18. Qxe4 Nc4 19. b3 Nxd2 20. Nxd2 Nf5 21. Nc4 Qa7 22. g4 d3+ 23. Kg2 Qd4 24. Qxd4 Nxd4 25. Ne5 Nc2 26. Nxd3 Nxa1 27. Rxa1 Rfc8 28. Kf3 Rc3 29. Ke4 Rxb3 30. axb3 Rxa1 31. Nc5 Rd1 32. h4 Kf7 33. f5 exf5+ 34. gxf5 Ke7 35. Nd3 Rh1 0-1

[Event "Muensterland Verbandsklasse-A 1112"]
[Site "Germany"]
[Date "2012.01.14"]
[Round "5.4"]
[White "Silies, Juergen"]
[Black "Wolffgang, Georg"]
[Result "0-1"]
[WhiteElo "1744"]
[BlackElo "1792"]
[PlyCount "74"]
[EventDate "2011.09.17"]
[EventType "team-tourn"]
[EventRounds "9"]
[EventCountry "GER"]
[SourceTitle "EXT 2013"]
[Source "ChessBase"]
[SourceDate "2012.11.22"]
[SourceVersion "1"]
[SourceVersionDate "2012.11.22"]
[SourceQuality "1"]
[WhiteTeam "Ibbenbueren"]
[BlackTeam "Telgte"]
[WhiteTeamCountry "GER"]
[BlackTeamCountry "GER"]

1. c4 f5 2. Nc3 Nf6 3. g3 g6 4. Bg2 Bg7 5. Nf3 0-0 6. 0-0 d6 7. d4 c6 8. Qc2 Na6 9. a3 Qe8 10. Bg5 e5 11. dxe5 dxe5 12. Bxf6 Bxf6 13. e4 Nc5 14. Nd2 Ne6 15. Ne2 f4 16. Nf3 Ng5 17. Nxg5 Bxg5 18. gxf4 exf4 19. f3 Bf6 20. Rad1 Qe5 21. Rd2 Qc5+ 22. Kh1 a5 23. a4 Be5 24. Nc1 Qe7 25. Nd3 Bd4 26. Nf2 Be3 27. Rd3 h5 28. Rfd1 Qh4 29. Rf1 Bc5 30. Rb3 Qe7 31. Rd1 Be6 32. Rbd3 Rad8 33. b3 Kh7 34. Rxd8 Rxd8 35. Rxd8 Qxd8 36. Qd3 Qf6 37. Qd1 Bxf2 0-1

[Event "Muensterland Verbandsklasse-A 1112"]
[Site "Germany"]
[Date "2011.12.10"]
[Round "4.5"]
[White "Zimmermann, Markus"]
[Black "Wolffgang, Georg"]
[Result "0-1"]
[WhiteElo "1610"]
[BlackElo "1792"]
[PlyCount "74"]
[EventDate "2011.09.17"]
[EventType "team-tourn"]
[EventRounds "9"]
[EventCountry "GER"]
[SourceTitle "EXT 2013"]
[Source "ChessBase"]
[SourceDate "2012.11.22"]
[SourceVersion "1"]
[SourceVersionDate "2012.11.22"]
[SourceQuality "1"]
[WhiteTeam "Ostbevern Westbevern II"]
[BlackTeam "Telgte"]
[WhiteTeamCountry "GER"]
[BlackTeamCountry "GER"]

1. c4 f5 2. d4 Nf6 3. Nc3 d6 4. Nf3 g6 5. Bg5 Bg7 6. Qc1 h6 7. Bxf6 Bxf6 8. e3 e5 9. dxe5 dxe5 10. Qc2 c6 11. Rd1 Qe7 12. Be2 0-0 13. 0-0 Na6 14. a3 Be6 15. b4 Qf7 16. Nd2 Nc7 17. c5 Rad8 18. Na4 e4 19. Nb2 Nb5 20. Ndc4 Bxb2 21. Rxd8 Rxd8 22. Qxb2 Bxc4 23. Bxc4 Qxc4 24. Qf6 Qd5 25. Qxg6+ Kf8 26. Qxh6+ Ke7 27. Qg5+ Kd7 28. h4 Rg8 29. Qf4 Nc3 30. Kh1 Qe6 31. h5 Rg4 32. Qh2 Qf6 33. g3 Qf7 34. h6 Qh7 35. Qh3 Ke6 36. Rc1 Rg6 37. Kg1 Ne2+ 0-1

[Event "Rhein Main op-B 14th"]
[Site "Bad Homburg"]
[Date "2011.06.26"]
[Round "7"]
[White "Wolffgang, Georg"]
[Black "Diener, Carolin Valeria"]
[Result "1-0"]
[WhiteElo "1961"]
[BlackElo "1594"]
[PlyCount "79"]
[EventDate "2011.06.22"]
[EventType "swiss"]
[EventRounds "7"]
[EventCountry "GER"]
[SourceTitle "EXT 2012"]
[Source "ChessBase"]
[SourceDate "2011.11.24"]
[SourceVersion "1"]
[SourceVersionDate "2011.11.24"]
[SourceQuality "1"]

1. d4 d5 2. c4 e6 3. Nc3 Nf6 4. Nf3 Be7 5. g3 0-0 6. Bg2 Nbd7 7. 0-0 c6 8. Bf4 Ne8 9. e4 dxc4 10. a4 Qb6 11. Qc2 Ndf6 12. Rfd1 Bb4 13. Ne5 Nd6 14. Na2 Ba5 15. Nd7 Bxd7 16. Bxd6 Rfe8 17. Qxc4 Qd8 18. b4 Bc7 19. Bxc7 Qxc7 20. d5 Rac8 21. d6 Qb8 22. e5 Nd5 23. Rab1 Nb6 24. Qb3 c5 25. b5 Rf8 26. f4 Rcd8 27. Nc3 f6 28. a5 Nc8 29. Qc4 b6 30. a6 fxe5 31. fxe5 Rf5 32. Qe4 Nxd6 33. exd6 Bc8 34. Qc6 Rf7 35. Rb2 e5 36. Bd5 Bg4 37. Rf1 Rdf8 38. Rxf7 Rxf7 39. Rf2 Bh5 40. d7 1-0

[Event "Rhein Main op-B 14th"]
[Site "Bad Homburg"]
[Date "2011.06.25"]
[Round "6"]
[White "Spitzl, Vinzent"]
[Black "Wolffgang, Georg"]
[Result "0-1"]
[WhiteElo "1701"]
[BlackElo "1961"]
[PlyCount "94"]
[EventDate "2011.06.22"]
[EventType "swiss"]
[EventRounds "7"]
[EventCountry "GER"]
[SourceTitle "EXT 2012"]
[Source "ChessBase"]
[SourceDate "2011.11.24"]
[SourceVersion "1"]
[SourceVersionDate "2011.11.24"]
[SourceQuality "1"]

1. e4 d5 2. exd5 Qxd5 3. Nc3 Qd6 4. d4 Nf6 5. Bc4 a6 6. Be3 b5 7. Bb3 Bb7 8. Nf3 e6 9. Qd2 Nbd7 10. 0-0-0 c5 11. dxc5 Qxd2+ 12. Rxd2 Nxc5 13. Rhd1 Nxb3+ 14. cxb3 Be7 15. Kb1 0-0 16. Bb6 Nd5 17. Nxd5 Bxd5 18. Ka1 Rfc8 19. Bd4 f6 20. Re2 Rc6 21. Bc3 b4 22. Bd4 Rac8 23. Be3 e5 24. Ree1 Bxf3 25. gxf3 Bc5 26. Kb1 Kf7 27. Bxc5 Rxc5 28. Rc1 Ke6 29. Rxc5 Rxc5 30. Re4 a5 31. Rc4 Kd5 32. Rxc5+ Kxc5 33. Kc2 Kd4 34. Kd2 g5 35. Ke2 f5 36. h3 h5 37. Kd2 e4 38. Ke2 exf3+ 39. Kxf3 g4+ 40. hxg4 fxg4+ 41. Kf4 Kd3 42. Kg5 Ke2 43. Kxh5 Kxf2 44. Kxg4 Ke3 45. Kf5 Kd3 46. a3 Kc2 47. axb4 axb4 0-1

[Event "Muensterland Verbandsklasse-B 1011"]
[Site "Germany"]
[Date "2010.11.13"]
[Round "3.4"]
[White "Wolffgang, Georg"]
[Black "Silies, Juergen"]
[Result "1/2-1/2"]
[WhiteElo "1793"]
[BlackElo "1757"]
[PlyCount "86"]
[EventDate "2010.09.18"]
[EventType "team-tourn"]
[EventRounds "9"]
[EventCountry "GER"]
[SourceTitle "EXT 2012"]
[Source "ChessBase"]
[SourceDate "2011.11.24"]
[SourceVersion "1"]
[SourceVersionDate "2011.11.24"]
[SourceQuality "1"]
[WhiteTeam "Telgte"]
[BlackTeam "Ibbenbueren"]
[WhiteTeamCountry "GER"]
[BlackTeamCountry "GER"]

1. d4 d5 2. Bg5 Nf6 3. Bxf6 exf6 4. e3 Bd6 5. Ne2 0-0 6. g3 Be6 7. Bg2 c6 8. 0-0 Qd7 9. Nd2 Na6 10. b3 Bh3 11. c4 Bxg2 12. Kxg2 dxc4 13. Nxc4 Rad8 14. Nxd6 Qxd6 15. Nf4 Nc7 16. Rc1 Ne6 17. Nd3 Qd5+ 18. Qf3 Rfe8 19. Qxd5 Rxd5 20. Rc4 Rc8 21. Rfc1 Kf8 22. Nb4 Rd6 23. Kf3 a5 24. Nd3 Ng5+ 25. Ke2 Ne6 26. Nc5 Nxc5 27. Rxc5 b6 28. R5c2 Ke7 29. a3 Kd7 30. b4 Rd5 31. Kd3 f5 32. f3 axb4 33. axb4 Rb5 34. Kc4 Rd5 35. Ra1 b5+ 36. Kd3 Rc7 37. Ra8 Rd6 38. Rc5 g6 39. Re5 Re6 40. f4 f6 41. Rd8+ Ke7 42. Rxe6+ Kxe6 43. h3 Ra7 1/2-1/2

[Event "GER-chT Universities"]
[Site "Augsburg"]
[Date "2010.10.10"]
[Round "6.1"]
[White "Wolffgang, Georg"]
[Black "Koepke, Christian"]
[Result "0-1"]
[WhiteElo "1793"]
[BlackElo "2351"]
[PlyCount "40"]
[EventDate "2010.10.06"]
[EventType "team-swiss"]
[EventRounds "6"]
[EventCountry "GER"]
[SourceTitle "EXT 2016"]
[Source "ChessBase"]
[SourceDate "2015.10.08"]
[SourceVersion "1"]
[SourceVersionDate "2015.10.08"]
[SourceQuality "1"]
[WhiteTeam "Muenster Uni II"]
[BlackTeam "Muenchen LMU"]
[WhiteTeamCountry "GER"]
[BlackTeamCountry "GER"]

1. f4 Nh6 2. Nf3 g6 3. g3 d5 4. Bg2 Bg7 5. 0-0 0-0 6. d3 d4 7. e4 dxe3 8. c3 Na6 9. Bxe3 c5 10. d4 Ng4 11. Bc1 Qb6 12. h3 Nf6 13. Na3 Be6 14. Qd3 Bd5 15. Rd1 cxd4 16. Qxd4 Qc7 17. Qe5 Rfd8 18. Be3 Qc8 19. Bf2 Ne4 20. Qxe7 Bf6 0-1

[Event "Muenster Bezirksliga 0506"]
[Site "Muenster"]
[Date "2005.09.10"]
[Round "1.7"]
[White "Wolffgang, Georg"]
[Black "Stephan, Matthias"]
[Result "0-1"]
[WhiteElo "1572"]
[BlackElo "1598"]
[PlyCount "82"]
[EventDate "2005.09.10"]
[EventType "team"]
[EventRounds "9"]
[EventCountry "GER"]
[SourceTitle "EXT 2007"]
[Source "ChessBase"]
[SourceDate "2006.11.23"]
[SourceVersion "1"]
[SourceVersionDate "2006.11.23"]
[SourceQuality "1"]
[WhiteTeam "Telgte III"]
[BlackTeam "Telgte II"]
[WhiteTeamCountry "GER"]
[BlackTeamCountry "GER"]

1. d4 d5 2. e4 e6 3. Nc3 Bb4 4. a3 Bxc3+ 5. bxc3 Ne7 6. e5 c5 7. Qg4 Qc7 8. Bd2 0-0 9. Bd3 f5 10. exf6 Rxf6 11. Bg5 Rf8 12. Bxh7+ Kxh7 13. Qh4+ Kg8 14. Bxe7 cxd4 15. Bxf8 Qxc3+ 16. Ke2 b6 17. Bb4 Ba6+ 18. Kd1 Qxa1+ 19. Kd2 Nc6 20. Nf3 Qxh1 21. Ng5 Nxb4 22. Qh7+ Kf8 23. Qh8+ Ke7 24. Qxg7+ Kd6 25. Nf7+ Kc6 26. Ne5+ Kd6 27. Nf7+ Kc5 28. axb4+ Kxb4 29. Qxd4+ Bc4 30. Qb2+ Ka4 31. Nd6 Qf1 32. Nxc4 Qxf2+ 33. Kc3 d4+ 34. Kd3 Qf1+ 35. Kxd4 Rd8+ 36. Ke3 Qxc4 37. Qa1+ Kb5 38. Qf6 Qc5+ 39. Ke4 Qxc2+ 40. Ke3 Qd3+ 41. Kf2 Qf5+ 0-1